000 00633nam a22002417a 4500
001 76274
003 UA-OsUOA
005 20211105200341.0
007 ta
008 20110621b un ||||| |||| 00| 0 ukr d
020 _a978-5-699-39839-3
040 _aUA-OsUOA
_brus
_cUA-OsUOA
_dUA-OsUOA
041 _arus
080 _a94(470+571)(031)
090 _a94(470+571)(031)
_bШ67
100 _aШкольник Ю. К.
245 _aИстория России. Полная энциклопедия
260 _aМ.
_bЭксмо
_c2010
300 _a256 с.
650 7 _a94 Історія
_2UDC
942 _cBK
_2udc
955 _a2
999 _c362566
_d362566